AH International Schools' Libraries

(KHMER) Egypt during Pharaohs / (Record no. 49777)

MARC details
000 -LEADER
fixed length control field 00299nam a2200109 4500
020 ## - INTERNATIONAL STANDARD BOOK NUMBER
International Standard Book Number 9789995054052
100 ## - MAIN ENTRY--PERSONAL NAME
Personal name Michaux, Madeleine
9 (RLIN) 86898
245 ## - TITLE STATEMENT
Title (KHMER) Egypt during Pharaohs /
Statement of responsibility, etc Madeleine Michaux
260 ## - PUBLICATION, DISTRIBUTION, ETC. (IMPRINT)
Place of publication, distribution, etc Cambodia
Name of publisher, distributor, etc Sipar
Date of publication, distribution, etc 2000
300 ## - PHYSICAL DESCRIPTION
Extent 32 p.
Other physical details col. ill.
Dimensions 20 cm.
942 ## - ADDED ENTRY ELEMENTS (KOHA)
Source of classification or shelving scheme
Koha item type Book
Holdings
Withdrawn status Lost status Source of classification or shelving scheme Damaged status Not for loan Collection code Home library Current library Shelving location Date acquired Total Checkouts Full call number Barcode Date last seen Date checked out Price effective from Koha item type
          Siem Riep Asian Hope Siem Reap Asian Hope Siem Reap SECONDARY 11/17/2025 1 KHMER 932 MIC 209443 04/09/2026 04/02/2026 11/17/2025 Book

For any Logos Library related questions please contact Miss Art at swongnarasuk@asianhope.org.

For any Asian Hope Library related questions please contact Miss Raza at graza@asianhope.org.

Click here to explore our ebooks!

Powered by Koha